| 000 | 00410nam a22001577a 4500 | ||
|---|---|---|---|
| 005 | 20180707123905.0 | ||
| 008 | 160621b xxu||||| |||| 00| 0 eng d | ||
| 041 | _aeng | ||
| 082 |
_b8660 _a658.15 |
||
| 100 |
_aMukherjee Susil and Chandra Pradeep Kumar _92363 |
||
| 245 | _aProfile of Financial Management | ||
| 260 |
_bB.B.Kundu grandson _c2008 |
||
| 300 | _a519p, | ||
| 650 |
_aManagement _9241 |
||
| 942 | _cBK | ||
| 999 |
_c3344 _d3343 |
||